000
00239nam a22001097a 4500
008
210707s2016 xx 000 0 und d
041
_a
eng
082
_a
052 RAKN
245
_a
Rakno
260
_b
Rakno Prakashan.
_c
2016
906
_a
Raknno
999
_c
179904
_d
179904